| 000 | 00918nam a22001817a 4500 | ||
|---|---|---|---|
| 005 | 20260124092314.0 | ||
| 008 | 230712b ||||| |||| 00| 0 eng d | ||
| 040 |
_cSSBUL _dSSBUL |
||
| 082 |
_223 _a၉၅၉.၁ ပြည် ၁၆၁၄၂ (S-SAT) |
||
| 245 | _aပြည်တွင်းသောင်းကျန်းမှုသမိုင်း အပိုင်း(၄) / | ||
| 250 | _aဒုတိယအကြိမ်။ | ||
| 260 |
_aရန်ကုန်၊ _bကြေးမုံသတင်းစာ၊ _c၁၉၉၁။ |
||
| 300 |
_a၁၈၆ စာမျက်နှာ၊ _bဓာတ်ပုံများ၊ _c၂၃ စင်တီ။ |
||
| 500 | _aS-SAT: Dr. Prof Sai Aung Tun | ||
| 650 |
_aနိင်ငံရေးပါတီ _zမြန်မာနိုင်ငံ။ _927803 |
||
| 651 |
_aမြန်မာနိုင်ငံ _xသမိုင်း။ _96190 |
||
| 942 |
_2ddc _cBK1 |
||
| 999 |
_c27068 _d27068 |
||